| 000 | 00997nam a2200301 a 4500 | ||
|---|---|---|---|
| 001 | 4806982 | ||
| 003 | OSt | ||
| 005 | 20200120145759.0 | ||
| 008 | 880511s1982 enka b 001 0 eng c | ||
| 010 | _a 88139832 | ||
| 020 | _a0333341457 (pbk.) | ||
| 020 | _a9780333341452 | ||
| 040 |
_aMH _coclc _dDLC |
||
| 050 | 1 | 4 |
_aHB171.5 _b.L63x 1986 |
| 082 |
_a339 _bLEV/M |
||
| 100 |
_aLevacic, Rosalind _9726 |
||
| 245 | 1 | 0 |
_aMacroeconomics : _ban introduction to Keynesian-neoclassical controversies / _cRosalind Levačić and Alexander Rebmann. |
| 250 | _a2nd ed. | ||
| 260 |
_aLondon : _bMacmillan, _c1982 _g(1986 printing) |
||
| 300 |
_a 455 p _bill. ; _c24 cm. |
||
| 504 | _aIncludes bibliographies and indexes. | ||
| 650 | 0 | _aMacroeconomics. | |
| 650 | 0 | _aKeynesian economics. | |
| 650 | 0 | _aNeoclassical school of economics. | |
| 700 | 1 | _aRebmann, Alexander. | |
| 906 |
_a7 _bcbc _corignew _du _encip _f19 _gy-gencatlg |
||
| 942 |
_2ddc _cBK _h339 _iLEV/M _k339 _mLEV/M |
||
| 999 |
_c10172 _d10172 |
||